LEADER 00955nam a2200205 i 4500 001 991004423227707536 005 20260323124724.0 008 260323s1994 be e 000 0 fre 020 $a280270883X 040 $aBibl. Dip.le Aggr. Scienze Giuridiche - Sez. Studi Giuridici$bita 082 04$a342.493042 245 04$aLes réformes institutionnelles de 1993 vers un fédéralisme achevé? :$bactes du colloque organisé dans la salle du Conseil de la Région de Bruxelles-Capitale le 26-27 mars 1993 par le Centre de droit public de la Faculté de droit ... [etc.] 260 $aBruxelles :$bBruylant,$c1994 300 $a469 p. ;$c24 cm 490 1 $aCollection de la Faculté de droit de l'Université libre de Bruxelles 650 4$aStato federale$zBelgio$xCongressi$y1993 710 2 $aUniversité libre de Bruxelles 912 $a991004423227707536 996 $aRéformes institutionnelles de 1993 vers un federalisme achevè$9703669 997 $aUNISALENTO